000 00342nam a2200133 4500
005 20260530113909.0
100 1 _aMarie Kondo & Scott Senenshein
_933200
245 1 0 _aJoy at Work
264 1 _bLittle Brown Spark
_c2020
300 _a242 páginas
336 _atexto
_2rdacontent
337 _asin medio
_2rdamedia
338 _avolumen
_2rdacarrier
999 _c12075
_d12075